000
00249nam a22000977a 4500
008
241127b |||||||| |||| 00| 0 eng d
020
_a
9781421569208
100
_a
Gaubatz James
_9
7696
245
_a
One Punch Man-4
260
_a
Italy
_b
2012
_c
San Francisco
999
_c
12704
_d
12704